| 000 | 01193nam a2200301 a 4500 | ||
|---|---|---|---|
| 001 | ebr10554347 | ||
| 003 | CaPaEBR | ||
| 006 | m u | ||
| 007 | cr cn||||||||| | ||
| 008 | 120502s2012 enkab sb 001 0deng d | ||
| 020 | _z9781848857162 | ||
| 020 | _z9780857720955 (e-book) | ||
| 040 |
_aCaPaEBR _cCaPaEBR |
||
| 035 | _a(OCoLC)781628308 | ||
| 043 | _ae-sp--- | ||
| 050 | 1 | 4 |
_aDP178 _b.K45 2012eb |
| 100 | 1 |
_aKelsey, Harry, _d1929- |
|
| 245 | 1 | 0 |
_aPhilip of Spain, king of England _h[electronic resource] : _bthe forgotten sovereign / _cHarry Kelsey. |
| 260 |
_aLondon : _bI.B. Tauris, _c2012. |
||
| 300 |
_axv, 230 p. : _bill., maps. |
||
| 504 | _aIncludes bibliographical references and index. | ||
| 533 |
_aElectronic reproduction. _bPalo Alto, Calif. : _cebrary, _d2011. _nAvailable via World Wide Web. _nAccess may be limited to ebrary affiliated libraries. |
||
| 600 | 0 | 0 |
_aPhilip _bII, _cKing of Spain, _d1527-1598. |
| 651 | 0 |
_aSpain _xHistory _yPhilip II, 1556-1598. |
|
| 655 | 7 |
_aElectronic books. _2local |
|
| 710 | 2 | _aebrary, Inc. | |
| 856 | 4 | 0 |
_uhttp://site.ebrary.com/lib/rucke/Doc?id=10554347 _zAn electronic book accessible through the World Wide Web; click to view |
| 999 |
_c197713 _d197713 |
||